Les idées réformistes d'al-Kawâkibî, 1265-1320=1849-1902 : contribution à l'étude de l'Islam moderne /

محفوظ في:

المؤلف الرئيسي: Tapiéro, Norbert (مؤلف)

التنسيق: كتاب

اللغة: French

الموضوعات:

الوسوم: إضافة وسم

لا توجد وسوم, كن أول من يضع وسما على هذه التسجيلة!

رقم الطلب: BP80 .K38 T3 1956

LEADER 00857namaa2200229 4500
001 16380
003 OSt
005 20211027054323.0
008 130303s1956 fr g b 000 0dfre d
952 |0 0  |1 0  |2 lcc  |4 0  |6 BP0080 K38 T3 01956  |7 1  |9 21786  |a ARCE  |b ARCE  |d 2021-10-27  |l 0  |o BP80 .K38 T3 1956  |p 1015311  |r 2021-10-27 00:00:00  |w 2021-10-27  |y BK 
999 |c 16693  |d 16693 
040 |c ARCE Library 
050 4 |a BP80 .K38 T3 1956 
100 1 |a Tapiéro, Norbert,  |e author  |9 40864 
245 1 4 |a Les idées réformistes d'al-Kawâkibî, 1265-1320=1849-1902 :  |b contribution à l'étude de l'Islam moderne /  |c  Norbert Tapiero. 
264 1 |a Paris :  |b [Les Editions Arabes],  |c 1956. 
300 |a viii, 112 pages ;  |c 24 cm. 
504 |a Bibliography : pages 108-110. 
600 1 0 |a Kawākibī, ʿAbd al-Raḥmān,  |d 1855-1902. 
650 0 |a Islam. 
901 |a reviewed 
942 |c BK  |2 lcc